书目信息 |
| 题名: |
新版剑桥BEC考试真题详解
|
|
| 作者: | 赵煜北 主编 | |
| 分册: | 4 高级 | |
| 出版信息: | 大连 大连理工大学出版社 2019 |
|
| 页数: | 218页 | |
| 开本: | 26cm | |
| 丛书名: | ||
| 单 册: | ||
| 中图分类: | F7-44 | |
| 科图分类: | ||
| 主题词: | 商务--shang wu--英语--题解 | |
| 电子资源: | ||
| ISBN: | 978-7-5685-0604-5 | |
| 000 | 01062nam0 2200265 45 | |
| 001 | 012001009460 | |
| 005 | 20191107110757.71 | |
| 010 | @a978-7-5685-0604-5@dCNY32.00 | |
| 099 | @aCAL 012017017120 | |
| 100 | @a20170228d2016 em y0chiy50 ea | |
| 101 | 0 | @achi@aeng |
| 102 | @aCN@b210000 | |
| 105 | @ak z 000yy | |
| 106 | @ar | |
| 200 | 1 | @a新版剑桥BEC考试真题详解@Axin ban jian qiao BECkao shi zhen ti xiang jie@h4@i高级@f赵煜北主编 |
| 210 | @a大连@c大连理工大学出版社@d2019 | |
| 215 | @a218页@d26cm | |
| 300 | @a剑桥商务英语应试辅导用书 美森教育 | |
| 330 | @a本书是考生备考BEC的权威复习资料, 最具有实战价值。本书内容全面、解析到位, 技巧实用, 开阔学生的解题思路。无论从基础巩固方面还是技巧提升方面都尽力求详尽、深入细致。希望本书能够帮助考生熟悉出题规律, 掌握复习重点, 最后在考试中获得高分。 | |
| 517 | 1 | @a剑桥BEC考试真题详解@Ajian qiao BECkao shi zhen ti xiang jie |
| 606 | 0 | @a商务@Ashang wu@x英语@j题解 |
| 690 | @aF7-44@v5 | |
| 701 | 0 | @a赵煜北@Azhao yu bei@4主编 |
| 801 | 2 | @aCN@b上海新华@c20191020 |
| 905 | @b1188276-9@dF7-44@e1120:4@f4 | |
| 新版剑桥BEC考试真题详解.4.高级/赵煜北主编.-大连:大连理工大学出版社,2019 |
| 218页;26cm |
| 剑桥商务英语应试辅导用书 美森教育 |
| ISBN 978-7-5685-0604-5:CNY32.00 |
| 本书是考生备考BEC的权威复习资料, 最具有实战价值。本书内容全面、解析到位, 技巧实用, 开阔学生的解题思路。无论从基础巩固方面还是技巧提升方面都尽力求详尽、深入细致。希望本书能够帮助考生熟悉出题规律, 掌握复习重点, 最后在考试中获得高分。 |
| ● |
| 相关链接 |
|
|
|
|
正题名:新版剑桥BEC考试真题详解
索取号:F7-44/1120:4
 
预约/预借
| 序号 | 登录号 | 条形码 | 馆藏地/架位号 | 状态 | 备注 |
| 1 | 1188276 | 211882765 | 第一样本阅览室/ [索取号:F7-44/1120:4] | 在馆 | |
| 2 | 1188277 | 211882774 | 第一借阅区/ [索取号:F7-44/1120:4] | 在馆 | |
| 3 | 1188278 | 211882783 | 第一借阅区/ [索取号:F7-44/1120:4] | 在馆 | |
| 4 | 1188279 | 211882792 | 第一借阅区/ [索取号:F7-44/1120:4] | 在馆 |